000 00356nam a2200133Ia 4500
008 220803s9999 xx 000 0 und d
041 _aeng
082 _a712 GAD
100 _aPatil Sanjay
_929863
245 _aNesting In Nature : Sanjay Patil
260 _b"BNCA Publication Cell, Pune"
_c2016
300 _a280p
650 _aLandscape Architecture
_929864
999 _c18710
_d18710